000 01345nam a2200229Ia 4500
001 A085-34615
003 IT-CnALBA
008 170116s9999||||xx |||||||||||||| ||und||
040 _aIT-CnALBA
_cIT-CnALBA
041 _aPOLIGLOTTA
100 _aBOSSUET JACQUES-BENIGNE VESCOVO DI MEAUX
245 0 _aOEUVRES DE MESSIRE JACQUES-BENIGNE BUSSUET. TOME XI. ELEVATIONS A DIEU SUR TOUS LES MYSTERES DE LA RELIGION CHRETIEN
250 _a1a ed.
260 _a LIEGE
_bLIBRAIRES (LES) ASSOCIES
_c1767 [1° Ed.:1767 - Ed.Ling.Originale: 1767]
300 _a686 p. (prefazione: 14)
500 _aBIBLIOTECA CANONICO CHIESA. ELEVAZIONI A DIO SUI MISTERI DELLA VITA CRISTIANA. UNITÀ E PERFEZIONI DI DIO. SANTISSIMA TRINITÀ. CREAZIONE DELL'UNIVERS. DEGLI ANGELI E DELL'UOMO. CADUTA DELL'UOMO E TENTAZIONE. TRATTATO SUL LIBERO ARBITRIO. CONCUPISCENZA. CON
501 _aSocietà San Paolo EM - Piazza San Paolo, 14 - 12051 ALBA (CN) (non commercial uses only) ® Copyright 2017
520 _aBIBLIOTECA CANONICO CHIESA. ELEVAZIONI A DIO SUI MISTERI DELLA VITA CRISTIANA. UNITÀ E PERFEZIONI DI DIO. SANTISSIMA TRINITÀ. CREAZIONE DELL'UNIVERS. DEGLI ANGELI E DELL'UOMO. CADUTA DELL'UOMO E TENTAZIONE. TRATTATO SUL LIBERO ARBITRIO. CONCUPISCENZA. CON
650 _aRACCOLTE DI CARATTERE GEN. IN ITALIANO
942 _cBK
957 _71
999 _a39385
_bSI
_g Copie: 1
_c293449
_d293449